Связанные состояния электрона и макроскопического кластера у поверхности жидкого гелия; Журнал экспериментальной и теоретической физики; Т. 125, вып. 2

Podrobná bibliografie
Parent link:Журнал экспериментальной и теоретической физики=ЖЭТФ/ Российская академия наук (РАН) ; Отделение физических наук РАН.— , 1931-.— 0044-4510
Т. 125, вып. 2.— 2004.— с. 441-444
Hlavní autor: Лебедева Е. В.
Další autoři: Дюгаев А. М., Григорьев П. Д.
Jazyk:ruština
Vydáno: 2004
Edice:Разное
Témata:
Médium: MixedMaterials Kapitola
KOHA link:https://koha.lib.tpu.ru/cgi-bin/koha/opac-detail.pl?biblionumber=431658

MARC

LEADER 00000naa2a2200000 4500
001 431658
005 20231101075412.0
035 |a (RuTPU)RU\TPU\prd\91817 
035 |a RU\TPU\prd\24676 
090 |a 431658 
100 |a 20101202a2004 k y0rusy50 ca 
101 0 |a rus 
102 |a RU 
200 1 |a Связанные состояния электрона и макроскопического кластера у поверхности жидкого гелия  |f Е. В. Лебедева, А. М. Дюгаев, П. Д. Григорьев 
225 1 |a Разное 
320 |a Библиогр.: 15 назв. 
461 1 |0 (RuTPU)RU\TPU\prd\1443  |x 0044-4510  |t Журнал экспериментальной и теоретической физики  |l ЖЭТФ  |f Российская академия наук (РАН) ; Отделение физических наук РАН  |d 1931- 
463 1 |0 (RuTPU)RU\TPU\prd\91796  |t Т. 125, вып. 2  |v с. 441-444  |d 2004 
610 1 |a электрическое поле 
610 1 |a электроны 
610 1 |a связанные состояния 
610 1 |a жидкий гелий 
610 1 |a поверхности 
610 1 |a макроскопические кластеры 
700 1 |a Лебедева  |b Е. В. 
701 1 |a Дюгаев  |b А. М. 
701 1 |a Григорьев  |b П. Д. 
801 1 |a RU  |b 63413507  |c 20040401  |g PSBO 
801 2 |a RU  |b 63413507  |c 20101202  |g RCR 
942 |c BK